000 01228nam a22003617a 4500
003 CHAP
005 20220329135238.0
008 971013s1983 r 00010 d
010 _a33223
011 _a34195
035 _a38311
040 _cCHAP
090 _aTesis
100 0 0 _aNúñez García, Cuauhtémoc.
_981937
245 _aReimplantación en novillos bajo condiciones de pastoreo y estabulación
260 _aMarín, N. L. :
_bEl autor,
_c1983
300 _a77 h.
502 _aTesis (Ing. Agr. Zootecnista) -- Universidad Autónoma de Nuevo León. Facultad de Agronomía
590 _aALEPH
_b10
_c20130110
_lUCH01
_h1257
590 _aBATCH-UPD
_b10
_c20130110
_lUCH01
_h0254
590 _aBATCH-UPD
_b10
_c20130110
_lUCH01
_h1708
590 _aBATCH-UPD
_b10
_c20130409
_lUCH01
_h2325
590 _aBATCH-UPD
_b10
_c20130914
_lUCH01
_h1509
590 _aCONVERSION
_b10
_c20130109
_lUCH01
_h1319
650 1 4 _aEstradiol.
_938459
650 1 4 _aGanado de carne
_xPastoreo.
_945101
650 1 4 _aGanado de carne
_xPeso.
_945102
650 1 4 _aHormonas
_xEfecto en animales domésticos.
_956236
650 1 4 _aProgesterona.
_992245
901 _aBK
942 _cTESIS
949 _bBC
_cTES
_d-87593
_eTS1
_h19099
_i38311
_si
999 _c33223
_d33223